000 00641nam a2200229Ia 4500
003 OSt
005 20221007062723.0
006 a|||||r|||| 00| 0
007 ta
008 221006b |||||||| |||| 00| 0 eng d
024 _a30,205
037 _cTextual
040 _aFLL
_cFLL
_beng
041 _2eng
_aeng
082 _aZ,91, L5
100 _aBeutel Frederick K.
_9125307
245 0 _aExperimental jurisprudence and the scienstate
260 _aBielefeld
_bVerlag Ernst und Werner Gieseking Bielefeld
_c1975
300 _a404p
_ccm.
942 _hZ,91, L5
_cTEXL
_2CC
999 _c1129374
_d1129374